000 00453nam a2200121Ia 4500
008 220615s9999||||xx |||||||||||||| ||und||
100 _aM. Nageeb Rashed
245 0 _aOrganic Pollutants - Monitoring, Risk and Treatment
546 _aEnglish[eng]
650 _aLife Sciences||Biodegradation||Environmental Microbiology||Environmental Sciences
856 _uhttps://www.intechopen.com/books/organic-pollutants-monitoring-risk-and-treatment
942 _cEB
999 _c17570
_d17570